[Event "TUR-chT2"]
[Site "Konya"]
[Date "2017.07.12"]
[Round "6.12"]
[White "Donmez, Batuhan"]
[Black "Kaya, Muhammet"]
[Result "1-0"]
[WhiteElo "1750"]
[BlackElo "1457"]
[PlyCount "109"]
[EventDate "2017.07.09"]
[EventType "team-swiss"]
[EventRounds "9"]
[EventCountry "TUR"]
[SourceTitle "CBM 179 Extra"]
[Source "ChessBase"]
[SourceDate "2017.08.23"]
[SourceVersion "1"]
[SourceVersionDate "2017.08.23"]
[SourceQuality "1"]
[WhiteTeam "Uludag Univ"]
[BlackTeam "Koycegiz Su Sporlari"]
[WhiteTeamCountry "TUR"]
[BlackTeamCountry "TUR"]

1. e4 c6 2. d4 d5 3. e5 c5 4. c3 Nc6 5. Bb5 Qa5 6. Qa4 Qxa4 7. Bxa4 cxd4 8. cxd4 Bd7 9. Bxc6 Bxc6 10. Nc3 e6 11. a3 Ne7 12. f4 Nf5 13. Nf3 Be7 14. g4 Nh6 15. h3 f6 16. exf6 gxf6 17. f5 Nf7 18. fxe6 Nd8 19. Kf2 Nxe6 20. Bh6 Kd7 21. Ne2 Rhg8 22. Nh4 Ng5 23. Nf5 Ne4+ 24. Kf3 Rae8 25. Nf4 Ng5+ 26. Kf2 Ne4+ 27. Kg2 Bf8 28. Rhe1 Bxh6 29. Nxh6 Rgf8 30. Nh5 Kc7 31. Ng7 a5 32. Nxe8+ Rxe8 33. Rac1 Kb6 34. Nf5 a4 35. Ng3 Rd8 36. Nh5 Rd7 37. Rf1 Rd6 38. Rf4 Kb5 39. h4 Bd7 40. Ng7 Nd2 41. Nh5 Nc4 42. Nxf6 Bc6 43. h5 h6 44. Kg3 Ka5 45. Rc2 Re6 46. Ng8 Kb5 47. Rf3 Bd7 48. Nf6 Bc6 49. Kh4 Ne3 50. Rc1 Nc4 51. g5 hxg5+ 52. Kxg5 Nd6 53. h6 Nf7+ 54. Kg6 Be8 55. Kg7 1-0

[Event "TUR-chT2"]
[Site "Konya"]
[Date "2017.07.12"]
[Round "5.15"]
[White "Kaya, Muhammet"]
[Black "Uysal, Ugur"]
[Result "1-0"]
[WhiteElo "1457"]
[BlackElo "1582"]
[PlyCount "75"]
[EventDate "2017.07.09"]
[EventType "team-swiss"]
[EventRounds "9"]
[EventCountry "TUR"]
[SourceTitle "CBM 179 Extra"]
[Source "ChessBase"]
[SourceDate "2017.08.23"]
[SourceVersion "1"]
[SourceVersionDate "2017.08.23"]
[SourceQuality "1"]
[WhiteTeam "Koycegiz Su Sporlari"]
[BlackTeam "Canakkale 1915"]
[WhiteTeamCountry "TUR"]
[BlackTeamCountry "TUR"]

1. Nf3 Nf6 2. d4 g6 3. c4 Bg7 4. Nc3 0-0 5. Bg5 d6 6. e3 Be6 7. Qb3 Nbd7 8. Bd3 Rb8 9. a4 c6 10. Qc2 c5 11. d5 Bg4 12. Nd2 Ne5 13. h3 Nxd3+ 14. Qxd3 Bd7 15. 0-0 h6 16. Bf4 a6 17. Ra2 Qa5 18. Rfa1 Rfd8 19. g4 h5 20. f3 hxg4 21. hxg4 Qc7 22. a5 Ra8 23. Kf2 e6 24. Bg5 Re8 25. Nde4 Nh7 26. Rh1 f5 27. Rxh7 Kxh7 28. Nf6+ Bxf6 29. Bxf6 Bc8 30. Ra1 Kg8 31. Rh1 Bd7 32. dxe6 Rxe6 33. Nd5 Qc6 34. gxf5 Rxf6 35. Nxf6+ Kg7 36. Nxd7 Qxd7 37. Qc3+ Kg8 38. Rh8+ 1-0